[Event "33. Copenhagen Open (Politiken Cup)"]
[Site "Elsinore"]
[Date "2011.08.06"]
[Round "9"]
[White "Merkesvik, Sondre"]
[Black "Pedersen, Lars Foldager"]
[Result "1/2-1/2"]
[WhiteElo "1762"]
[BlackElo "1916"]
[PlyCount "37"]
[EventDate "2011.07.30"]
[EventType "swiss"]
[EventRounds "10"]
[EventCountry "DEN"]
[Source "ChessBase"]
[SourceDate "2011.08.29"]

1. e4 Nf6 2. e5 Nd5 3. c4 Nb6 4. c5 Nd5 5. Bc4 e6 6. d4 b6 7. Bxd5 exd5 8. cxb6
axb6 9. Nf3 Ba6 10. Nc3 c6 11. Ne2 Bb4+ 12. Bd2 Be7 13. O-O O-O 14. Re1 d6 15.
Ng3 dxe5 16. Nxe5 c5 17. Nf5 Bc8 18. Nxe7+ Qxe7 19. Ng6 1/2-1/2

[Event "33. Copenhagen Open (Politiken Cup)"]
[Site "Elsinore"]
[Date "2011.08.06"]
[Round "9"]
[White "Mortensen, Henrik"]
[Black "Nielsen, Peter"]
[Result "1-0"]
[WhiteElo "2024"]
[BlackElo "1802"]
[PlyCount "49"]
[EventDate "2011.07.30"]
[EventType "swiss"]
[EventRounds "10"]
[EventCountry "DEN"]
[Source "ChessBase"]
[SourceDate "2011.08.29"]

1. e4 c5 2. Nf3 Nc6 3. d4 cxd4 4. Nxd4 g6 5. c4 Bg7 6. Be3 Nf6 7. Nc3 O-O 8.
Be2 d6 9. f3 Qb6 10. Qd2 Nxe4 11. Nxc6 Bxc3 12. Nxe7+ Kh8 13. bxc3 Nxd2 14.
Bxb6 Nxc4 15. Bd4+ Ne5 16. Nxc8 Raxc8 17. f4 f6 18. fxe5 dxe5 19. Bxa7 Rxc3 20.
O-O f5 21. Rfc1 Rfc8 22. Rxc3 Rxc3 23. Rb1 Ra3 24. Bb8 Rxa2 25. Bxe5+ 1-0

[Event "33. Copenhagen Open (Politiken Cup)"]
[Site "Elsinore"]
[Date "2011.08.06"]
[Round "9"]
[White "Munk, Poul"]
[Black "Maechel, Michael"]
[Result "0-1"]
[WhiteElo "1942"]
[BlackElo "1756"]
[PlyCount "26"]
[EventDate "2011.07.30"]
[EventType "swiss"]
[EventRounds "10"]
[EventCountry "DEN"]
[Source "ChessBase"]
[SourceDate "2011.08.29"]

1. d4 d5 2. Nf3 Nf6 3. e3 Bf5 4. c4 e6 5. Nc3 Bb4 6. Qa4+ Nc6 7. Ne5 O-O 8.
Nxc6 Bxc3+ 9. bxc3 bxc6 10. Qxc6 Rb8 11. Qa4 Ne4 12. Qa3 Qh4 13. g3 Qf6 0-1

[Event "33. Copenhagen Open (Politiken Cup)"]
[Site "Elsinore"]
[Date "2011.08.06"]
[Round "9"]
[White "Nielsen, Borge Hjerrild"]
[Black "Johansen, Stian"]
[Result "0-1"]
[WhiteElo "2083"]
[BlackElo "1961"]
[PlyCount "106"]
[EventDate "2011.07.30"]
[EventType "swiss"]
[EventRounds "10"]
[EventCountry "DEN"]
[Source "ChessBase"]
[SourceDate "2011.08.29"]

1. d4 Nf6 2. c4 g6 3. Nf3 Bg7 4. g3 O-O 5. Bg2 c5 6. O-O d6 7. Nc3 Nc6 8. dxc5
dxc5 9. Be3 Be6 10. Bxc5 Qa5 11. Be3 Bxc4 12. Nd2 Be6 13. Qa4 Qxa4 14. Nxa4 Nd5
15. Bxd5 Bxd5 16. Nc3 Be6 17. Rfc1 Nb4 18. Bc5 Nd5 19. Nxd5 Bxd5 20. e4 Bc6 21.
Rc2 Ba4 22. Nb3 Rfc8 23. Rac1 e6 24. Be3 Rxc2 25. Rxc2 b5 26. Rc7 Bxb3 27. axb3
a5 28. Rc2 h5 29. Kf1 a4 30. bxa4 Rxa4 31. f3 Ra1+ 32. Bc1 Bxb2 33. Rxb2 Rxc1+
34. Ke2 Rc5 35. f4 e5 36. Kd3 h4 37. fxe5 Rxe5 38. Kd4 Rg5 39. gxh4 Rh5 40. Ke3
Kg7 41. Kf3 Rxh4 42. Rxb5 Rxh2 43. Rb7 Rh5 44. Ra7 Rh4 45. Rb7 g5 46. Rb6 Rf4+
47. Ke3 Rf6 48. Rb1 Kg6 49. Rh1 g4 50. Rh8 Kg5 51. e5 Rf4 52. Rg8+ Kf5 53. Rg7
Kxe5 0-1

[Event "33. Copenhagen Open (Politiken Cup)"]
[Site "Elsinore"]
[Date "2011.08.06"]
[Round "9"]
[White "Nielsen, Leonard de Freitas"]
[Black "Hojgaard, Brandur"]
[Result "0-1"]
[WhiteElo "1775"]
[BlackElo "1480"]
[PlyCount "82"]
[EventDate "2011.07.30"]
[EventType "swiss"]
[EventRounds "10"]
[EventCountry "DEN"]
[Source "ChessBase"]
[SourceDate "2011.08.29"]

1. d4 d5 2. c4 e6 3. Nc3 Nf6 4. Bg5 Be7 5. cxd5 exd5 6. Nf3 Bf5 7. g3 c6 8. Bg2
Qc8 9. Rc1 Bh3 10. Bxh3 Qxh3 11. Bxf6 Bxf6 12. e4 dxe4 13. Nxe4 Be7 14. a3 O-O
15. Rc2 Re8 16. Re2 Nd7 17. Qb3 Qg2 18. Rg1 Qh3 19. Kd1 h6 20. Rge1 Red8 21.
Ned2 Bf6 22. Ne4 Be7 23. Kc2 Nb6 24. Kb1 Bf8 25. Re3 Kh8 26. Ka1 Nd5 27. Ne5
Qc8 28. f4 b6 29. Nc3 Qb7 30. g4 Nxc3 31. bxc3 Rd5 32. Nc4 c5 33. dxc5 Rxc5 34.
g5 Rac8 35. gxh6 Rxc4 36. hxg7+ Bxg7 37. Re8+ Kh7 38. Qc2+ Kh6 39. Qf5 Qf3 40.
Qg5+ Kh7 41. Qh5+ Qxh5 0-1

[Event "33. Copenhagen Open (Politiken Cup)"]
[Site "Elsinore"]
[Date "2011.08.06"]
[Round "9"]
[White "Nielsen, Preben"]
[Black "Brastein, Lars R"]
[Result "1-0"]
[WhiteElo "1904"]
[BlackElo "2115"]
[PlyCount "63"]
[EventDate "2011.07.30"]
[EventType "swiss"]
[EventRounds "10"]
[EventCountry "DEN"]
[Source "ChessBase"]
[SourceDate "2011.08.29"]

1. e4 e6 2. d4 d5 3. e5 c5 4. c3 Nc6 5. f4 Nh6 6. Nf3 Nf5 7. Bd3 g6 8. Bxf5
gxf5 9. Be3 Qb6 10. Qb3 Qxb3 11. axb3 b6 12. Nbd2 a5 13. Kf2 Ba6 14. h3 h5 15.
g3 Bd3 16. Ne1 Be4 17. Nxe4 dxe4 18. Nc2 O-O-O 19. Rhd1 Be7 20. Rd2 Rd7 21.
Rad1 Rhd8 22. dxc5 Rxd2+ 23. Rxd2 Rxd2+ 24. Bxd2 bxc5 25. Be3 Kc7 26. Na3 Kb6
27. g4 hxg4 28. hxg4 f6 29. Nc4+ Kb5 30. exf6 Bxf6 31. gxf5 exf5 32. Nd6+ 1-0

[Event "33. Copenhagen Open (Politiken Cup)"]
[Site "Elsinore"]
[Date "2011.08.06"]
[Round "9"]
[White "Ochsner, Bjorn Moller"]
[Black "Antonsen, Mikkel"]
[Result "0-1"]
[WhiteElo "2258"]
[BlackElo "2471"]
[PlyCount "150"]
[EventDate "2011.07.30"]
[EventType "swiss"]
[EventRounds "10"]
[EventCountry "DEN"]
[Source "ChessBase"]
[SourceDate "2011.08.29"]

1. e4 e6 2. d4 d5 3. Nc3 Bb4 4. e5 c5 5. a3 Bxc3+ 6. bxc3 Nc6 7. Qg4 g6 8. Nf3
Qa5 9. Bd2 Qa4 10. c4 Qxc2 11. dxc5 Qb2 12. Rc1 Nxe5 13. Qf4 Nxf3+ 14. Qxf3 Ne7
15. cxd5 Nxd5 16. Bc4 O-O 17. Bh6 Qe5+ 18. Kf1 Rd8 19. Rd1 Bd7 20. Re1 Qc3 21.
Qe2 Rac8 22. Bxd5 exd5 23. Rc1 Qf6 24. Qd2 Re8 25. Be3 Rxe3 26. Qxe3 Re8 27.
Qd3 Qb2 28. Re1 Bb5 29. Rxe8+ Kg7 30. Qxb5 Qxb5+ 31. Re2 Qxc5 32. h4 Qxa3 33.
h5 g5 34. Rh3 Qa6 35. Rg3 Kh6 36. Rf3 d4 37. Ke1 Kxh5 38. Rd2 Qe6+ 39. Kf1 Qc4+
40. Rfd3 b5 41. Ke1 b4 42. Rxd4 Qc1+ 43. Ke2 a5 44. f4 b3 45. Rd5 Qc4+ 46. Ke1
Qe4+ 47. Kd1 Qxf4 48. Kc1 Qa4 49. Kb1 f6 50. R5d4 Qa3 51. Rd5 Kg6 52. R5d4 h5
53. Rd8 h4 54. R8d7 Kh5 55. R7d5 f5 56. R5d4 f4 57. R4d3 Kg4 58. Rd4 h3 59.
gxh3+ Kg3 60. h4 g4 61. h5 f3 62. h6 Qe7 63. Kb2 f2 64. R2d3+ Kh2 65. Rd2 g3
66. Kxb3 Qe6+ 67. Kc2 Qxh6 68. Kd1 Kg1 69. Kc2 f1=Q 70. R4d3 g2 71. Kb3 Qb6+
72. Kc4 Qb4+ 73. Kd5 Qf5+ 74. Kc6 Qfb5+ 75. Kc7 Qb7+ 0-1

[Event "33. Copenhagen Open (Politiken Cup)"]
[Site "Elsinore"]
[Date "2011.08.06"]
[Round "9"]
[White "Overas, Vegard"]
[Black "Nielsen, John Bauneborg"]
[Result "1/2-1/2"]
[WhiteElo "1561"]
[BlackElo "2140"]
[PlyCount "52"]
[EventDate "2011.07.30"]
[EventType "swiss"]
[EventRounds "10"]
[EventCountry "DEN"]
[Source "ChessBase"]
[SourceDate "2011.08.29"]

1. d4 d6 2. c4 Nf6 3. Nc3 g6 4. e4 Bg7 5. Be2 e5 6. dxe5 dxe5 7. Qxd8+ Kxd8 8.
Be3 Nbd7 9. O-O-O c6 10. h3 Re8 11. Nf3 h6 12. g4 Kc7 13. g5 hxg5 14. Nxg5 Re7
15. f4 b6 16. b4 Bb7 17. b5 Rh8 18. bxc6 Bxc6 19. Nd5+ Bxd5 20. cxd5 Ne8 21.
Kb1 Nc5 22. Rc1 Kd6 23. Rhf1 Rf8 24. Nh7 Rh8 25. Ng5 Rf8 26. Nh7 Rh8 1/2-1/2

[Event "33. Copenhagen Open (Politiken Cup)"]
[Site "Elsinore"]
[Date "2011.08.06"]
[Round "9"]
[White "Patuzzo, Fabrizio"]
[Black "Brynell, Stellan"]
[Result "0-1"]
[WhiteElo "2274"]
[BlackElo "2495"]
[PlyCount "96"]
[EventDate "2011.07.30"]
[EventType "swiss"]
[EventRounds "10"]
[EventCountry "DEN"]
[Source "ChessBase"]
[SourceDate "2011.08.29"]

1. g3 e5 2. c4 Nf6 3. Bg2 c6 4. d4 exd4 5. Qxd4 d5 6. Nf3 Be7 7. O-O O-O 8.
cxd5 cxd5 9. Rd1 Nc6 10. Qa4 Qb6 11. Nc3 Rd8 12. Qb5 d4 13. Qxb6 axb6 14. Nb5
Bc5 15. Bg5 Be6 16. Bxf6 gxf6 17. b4 Nxb4 18. Nfxd4 Rxd4 19. Rxd4 Nc2 20. Rdd1
Nxa1 21. Rxa1 Bc4 22. Nc7 Rd8 23. e3 Rd7 24. Rc1 b5 25. Ne8 Be7 26. a4 Bd8 27.
axb5 Bxb5 28. Bh3 Rd2 29. Nc7 Bxc7 30. Rxc7 Rd1+ 31. Kg2 Bf1+ 32. Kf3 Bxh3 33.
Rxb7 Rh1 34. Rb4 Rxh2 35. g4 Rg2 36. Rd4 Kg7 37. Rb4 Kg6 38. Ra4 Rg1 39. Rb4 f5
40. gxf5+ Bxf5 41. Rb8 Kf6 42. Rh8 Kg5 43. Ke2 h5 44. f4+ Kg4 45. Kf2 Ra1 46.
Rg8+ Bg6 47. Re8 Ra2+ 48. Kg1 Kg3 0-1

[Event "33. Copenhagen Open (Politiken Cup)"]
[Site "Elsinore"]
[Date "2011.08.06"]
[Round "9"]
[White "Pedersen, Bent O"]
[Black "Bratteteig, Tore Inge"]
[Result "1-0"]
[WhiteElo "1860"]
[BlackElo "1671"]
[PlyCount "86"]
[EventDate "2011.07.30"]
[EventType "swiss"]
[EventRounds "10"]
[EventCountry "DEN"]
[Source "ChessBase"]
[SourceDate "2011.08.29"]

1. e4 d5 2. exd5 Qxd5 3. Nc3 Qa5 4. d4 Nf6 5. Nf3 Bf5 6. Bd2 e6 7. Ne5 Bb4 8.
Nc4 Qa6 9. Ne3 Qb6 10. Nxf5 exf5 11. Qf3 Qe6+ 12. Be2 c6 13. O-O O-O 14. Bd3 g6
15. Rfe1 Qd7 16. Bg5 Qxd4 17. Rad1 Re8 18. Bf1 Qg4 19. Bxf6 Na6 20. Qxg4 fxg4
21. Bxa6 bxa6 22. a3 Bf8 23. Kf1 a5 24. Rxe8 Rxe8 25. Re1 Rxe1+ 26. Kxe1 Bc5
27. Ke2 Kf8 28. Ne4 Bb6 29. Kd3 Ke8 30. Bd4 Ke7 31. c4 f5 32. Nc3 Kd6 33. g3 h6
34. Ne2 g5 35. Bxb6 axb6 36. Nd4 Ke5 37. Nxc6+ Kd6 38. Nd4 Ke5 39. Ne2 h5 40.
Ke3 h4 41. b3 hxg3 42. hxg3 b5 43. cxb5 Kd5 1-0

[Event "33. Copenhagen Open (Politiken Cup)"]
[Site "Elsinore"]
[Date "2011.08.06"]
[Round "9"]
[White "Pedersen, Gunnar"]
[Black "Haubro, Martin"]
[Result "1-0"]
[WhiteElo "2218"]
[BlackElo "2040"]
[PlyCount "57"]
[EventDate "2011.07.30"]
[EventType "swiss"]
[EventRounds "10"]
[EventCountry "DEN"]
[Source "ChessBase"]
[SourceDate "2011.08.29"]

1. d4 Nf6 2. Nf3 c5 3. d5 e6 4. c4 exd5 5. cxd5 d6 6. Nc3 g6 7. Bf4 a6 8. Nd2
b5 9. a4 b4 10. Nce4 Bb7 11. Bg5 Be7 12. Bxf6 Bxf6 13. Nc4 Be7 14. h4 f5 15.
Ng5 Bxg5 16. hxg5 Qe7 17. f4 Nd7 18. Rh3 O-O-O 19. Re3 Qf8 20. Re6 Kc7 21. Nxd6
Qxd6 22. Rxd6 Kxd6 23. Qd3 Rhe8 24. O-O-O Re4 25. g4 Rde8 26. gxf5 gxf5 27. Qh3
R8e7 28. Qxf5 Nb6 29. Qf6+ 1-0

[Event "33. Copenhagen Open (Politiken Cup)"]
[Site "Elsinore"]
[Date "2011.08.06"]
[Round "9"]
[White "Pedersen, Henrik Bolding"]
[Black "Moller, Arne"]
[Result "1-0"]
[WhiteElo "2146"]
[BlackElo "1881"]
[PlyCount "109"]
[EventDate "2011.07.30"]
[EventType "swiss"]
[EventRounds "10"]
[EventCountry "DEN"]
[Source "ChessBase"]
[SourceDate "2011.08.29"]

1. e4 c5 2. c3 e6 3. d4 d5 4. e5 cxd4 5. cxd4 Bb4+ 6. Nc3 Bd7 7. Bd3 Nc6 8. Qg4
g6 9. Nge2 Nge7 10. a3 Bxc3+ 11. bxc3 Nf5 12. Bg5 Nce7 13. Bf6 Rg8 14. O-O Bc6
15. Qf3 Qd7 16. Rfb1 g5 17. Rb4 g4 18. Qf4 h5 19. Rab1 Ng6 20. Qc1 h4 21. Bb5
b6 22. a4 Nge7 23. Nf4 g3 24. fxg3 hxg3 25. h3 Rc8 26. Bd3 Bb7 27. Nh5 Nc6 28.
Bb5 Qc7 29. Qa3 Nfe7 30. R4b2 Kd8 31. Qd6+ Ke8 32. Bxe7 Qxe7 33. Nf6+ Kf8 34.
Nxg8 Kxg8 35. Bxc6 Qxd6 36. exd6 Bxc6 37. a5 b5 38. Re1 Rd8 39. Re3 Rxd6 40.
Rxg3+ Kf8 41. Kf2 a6 42. Ke3 Be8 43. Rf2 Rc6 44. Kd3 Rc4 45. Ra2 b4 46. cxb4
Bb5 47. Ke3 Rxb4 48. h4 Rb1 49. h5 Re1+ 50. Kf2 Rf1+ 51. Ke3 Re1+ 52. Kf3 Rd1
53. h6 Rxd4 54. h7 Rd3+ 55. Kf2 1-0

[Event "33. Copenhagen Open (Politiken Cup)"]
[Site "Elsinore"]
[Date "2011.08.06"]
[Round "9"]
[White "Percivaldi, Martin"]
[Black "Eriksson, Christian Altenburg"]
[Result "1/2-1/2"]
[WhiteElo "1838"]
[BlackElo "2129"]
[PlyCount "71"]
[EventDate "2011.07.30"]
[EventType "swiss"]
[EventRounds "10"]
[EventCountry "DEN"]
[Source "ChessBase"]
[SourceDate "2011.08.29"]

1. d4 d5 2. c4 c6 3. Nf3 Nf6 4. e3 Bf5 5. Nc3 e6 6. Nh4 Be4 7. f3 Bg6 8. Qb3
Qc7 9. Bd2 Be7 10. g3 Bh5 11. O-O-O g5 12. g4 Bxg4 13. fxg4 gxh4 14. g5 Ne4 15.
Nxe4 dxe4 16. Bg2 Bxg5 17. Bxe4 Nd7 18. Qa3 Be7 19. c5 Bg5 20. Rdf1 Nf6 21. Bc2
Nd5 22. Rf2 f5 23. Rg1 h6 24. e4 Bxd2+ 25. Rxd2 fxe4 26. Bxe4 Qf4 27. Bxd5 exd5
28. Re1+ Kd8 29. Qh3 Re8 30. Rf1 Qe3 31. Qxh4+ Kd7 32. Rf7+ Re7 33. Qg4+ Kc7
34. Rxe7+ Qxe7 35. Qf4+ Kd7 36. Qg4+ 1/2-1/2

[Event "33. Copenhagen Open (Politiken Cup)"]
[Site "Elsinore"]
[Date "2011.08.06"]
[Round "9"]
[White "Petersen, Jan Han"]
[Black "Hansen, Anders1"]
[Result "0-1"]
[WhiteElo "1396"]
[BlackElo "1721"]
[PlyCount "88"]
[EventDate "2011.07.30"]
[EventType "swiss"]
[EventRounds "10"]
[EventCountry "DEN"]
[Source "ChessBase"]
[SourceDate "2011.08.29"]

1. d4 d5 2. c4 e5 3. dxe5 d4 4. Nf3 Nc6 5. g3 Bb4+ 6. Bd2 Be6 7. Bxb4 Nxb4 8.
Qa4+ Nc6 9. Bg2 Nge7 10. O-O O-O 11. Rd1 a6 12. Nxd4 Nxd4 13. e3 Bd7 14. Qa5
Ndc6 15. Bxc6 Nxc6 16. Qd5 Bh3 17. Qf3 Qc8 18. Nc3 Nxe5 19. Qh5 Ng6 20. Rd4 Be6
21. Rad1 c5 22. Rh4 Nxh4 23. Qxh4 Rd8 24. Nd5 Bxd5 25. cxd5 Rd6 26. e4 f6 27.
f4 c4 28. e5 Qc5+ 29. Kf1 Rxd5 30. Rxd5 Qxd5 31. exf6 gxf6 32. Qxf6 Qh1+ 33.
Kf2 Qxh2+ 34. Kf3 Qh5+ 35. Kg2 Qd5+ 36. Kh3 Rf8 37. Qe7 Rf7 38. Qb4 h5 39. Qe1
Re7 40. Qb1 Qe4 41. Qf1 Qe2 42. Qb1 Qg4+ 43. Kh2 Re2+ 44. Kh1 Qh3+ 0-1

[Event "33. Copenhagen Open (Politiken Cup)"]
[Site "Elsinore"]
[Date "2011.08.06"]
[Round "9"]
[White "Petersen, Nils"]
[Black "Marshall, Michael"]
[Result "1-0"]
[WhiteElo "2051"]
[BlackElo "1918"]
[PlyCount "133"]
[EventDate "2011.07.30"]
[EventType "swiss"]
[EventRounds "10"]
[EventCountry "DEN"]
[Source "ChessBase"]
[SourceDate "2011.08.29"]

1. c4 c5 2. g3 Nc6 3. Bg2 g6 4. Nf3 Bg7 5. O-O d6 6. Nc3 e5 7. d3 Nge7 8. e4
O-O 9. Be3 Rb8 10. Qd2 Nd4 11. Ne1 Be6 12. f4 f5 13. fxe5 Bxe5 14. Bh6 Bg7 15.
Bxg7 Kxg7 16. Nc2 Nec6 17. Ne2 Nxe2+ 18. Qxe2 Qd7 19. Qd2 fxe4 20. Bxe4 d5 21.
cxd5 Bxd5 22. Qc3+ Kg8 23. Qxc5 Bxe4 24. dxe4 Rbd8 25. Rxf8+ Rxf8 26. Qd5+ Qxd5
27. exd5 Ne5 28. Rf1 Rd8 29. Ne3 Kg7 30. a3 a5 31. Rc1 Rd7 32. Rc5 b6 33. Rb5
Rd6 34. Kg2 Kf6 35. g4 Ke7 36. Kg3 Kf7 37. Rb3 Ke7 38. Kf4 Nf7 39. g5 Kd7 40.
Rb5 Kc7 41. Nc4 Rd8 42. a4 Rc8 43. Kg4 Rd8 44. h4 Rb8 45. Rb3 Nd6 46. Ne5 Nf5
47. Rd3 Re8 48. Rc3+ Kd6 49. Nc4+ Kxd5 50. Nxb6+ Kd4 51. Rc4+ Kd3 52. Rf4 Re3
53. Rc4 Re7 54. b3 Ne3+ 55. Kf3 Nxc4 56. Nxc4 Re4 57. Nxa5 Rxh4 58. Nc6 Rh1 59.
a5 Rf1+ 60. Kg4 Ke4 61. b4 Rg1+ 62. Kh3 Rxg5 63. a6 Rf5 64. a7 Rh5+ 65. Kg4 Rh1
66. a8=Q Rg1+ 67. Kh3 1-0

[Event "33. Copenhagen Open (Politiken Cup)"]
[Site "Elsinore"]
[Date "2011.08.06"]
[Round "9"]
[White "Pimenta, Antonio"]
[Black "Wahlgren, Christer"]
[Result "1-0"]
[WhiteElo "2006"]
[BlackElo "1745"]
[PlyCount "45"]
[EventDate "2011.07.30"]
[EventType "swiss"]
[EventRounds "10"]
[EventCountry "DEN"]
[Source "ChessBase"]
[SourceDate "2011.08.29"]

1. e4 Nc6 2. Nf3 e5 3. Nc3 Nf6 4. Bb5 Bc5 5. O-O d6 6. d3 O-O 7. Bg5 h6 8. Bh4
Bg4 9. h3 Bh5 10. g4 Bg6 11. Nd5 a6 12. Ba4 h5 13. Qd2 hxg4 14. hxg4 b5 15.
Bxf6 gxf6 16. Qh6 Nb4 17. Kg2 Nxd5 18. Rh1 Nf4+ 19. Kf1 Nh5 20. gxh5 Qd7 21.
hxg6 fxg6 22. Bb3+ d5 23. Bxd5+ 1-0

[Event "33. Copenhagen Open (Politiken Cup)"]
[Site "Elsinore"]
[Date "2011.08.06"]
[Round "9"]
[White "Poulsen, Klaus E"]
[Black "Hedevang, Benjamin"]
[Result "1-0"]
[WhiteElo "2148"]
[BlackElo "1880"]
[PlyCount "49"]
[EventDate "2011.07.30"]
[EventType "swiss"]
[EventRounds "10"]
[EventCountry "DEN"]
[Source "ChessBase"]
[SourceDate "2011.08.29"]

1. e4 c5 2. d4 cxd4 3. c3 dxc3 4. Nxc3 e6 5. Nf3 Nc6 6. Bc4 Qc7 7. Qe2 Nf6 8.
O-O Ng4 9. g3 Bc5 10. Bf4 e5 11. Bxf7+ Kf8 12. Be3 Be7 13. Bb3 Nf6 14. Qc4 Ke8
15. Nd5 Qd6 16. Nb6 Rf8 17. Nxa8 Qb8 18. Nb6 axb6 19. Bxb6 Ng4 20. Ne1 Qd6 21.
f3 Nh6 22. Rd1 Qg6 23. Ng2 d6 24. Ba4 Bd7 25. f4 1-0

[Event "33. Copenhagen Open (Politiken Cup)"]
[Site "Elsinore"]
[Date "2011.08.06"]
[Round "9"]
[White "Radulski, Julian"]
[Black "Hess, Robert L"]
[Result "1/2-1/2"]
[WhiteElo "2556"]
[BlackElo "2609"]
[PlyCount "81"]
[EventDate "2011.07.30"]
[EventType "swiss"]
[EventRounds "10"]
[EventCountry "DEN"]
[Source "ChessBase"]
[SourceDate "2011.08.29"]

1. e4 e5 2. Nf3 Nc6 3. Bb5 Nf6 4. d3 d6 5. O-O Bd7 6. c3 Be7 7. Re1 O-O 8. Nbd2
Re8 9. Nf1 h6 10. a4 Bf8 11. a5 a6 12. Bc4 Be6 13. Bxe6 fxe6 14. Ng3 d5 15. Qb3
Rb8 16. Be3 Ng4 17. exd5 Qxd5 18. Qc4 Nf6 19. Qh4 Qd8 20. Rad1 Nd5 21. Qg4 Qf6
22. d4 exd4 23. Bxd4 Qf4 24. Qh3 Qf7 25. Ne5 Nxe5 26. Bxe5 Rbd8 27. Qg4 Bd6 28.
Bxd6 Rxd6 29. Ne4 Rc6 30. Rd3 Nf6 31. Nxf6+ Qxf6 32. Qb4 b5 33. axb6 Rxb6 34.
Qa4 Rd8 35. Rf3 Qg5 36. b4 Rbd6 37. h3 Qd2 38. Rf1 Qe2 39. Re3 Qc4 40. Rfe1 c5
41. Qa5 1/2-1/2

[Event "33. Copenhagen Open (Politiken Cup)"]
[Site "Elsinore"]
[Date "2011.08.06"]
[Round "9"]
[White "Randlov, Carsten"]
[Black "Frisvold, Ole Emil"]
[Result "1-0"]
[WhiteElo "1872"]
[BlackElo "1983"]
[PlyCount "79"]
[EventDate "2011.07.30"]
[EventType "swiss"]
[EventRounds "10"]
[EventCountry "DEN"]
[Source "ChessBase"]
[SourceDate "2011.08.29"]

1. Nf3 Nf6 2. c4 c6 3. d4 d5 4. Bf4 dxc4 5. a4 Bf5 6. Nc3 e6 7. e3 Bb4 8. Bxc4
Nd5 9. Bxd5 exd5 10. O-O O-O 11. Qb3 Qb6 12. Rfc1 a5 13. Bd6 Rd8 14. Bxb4 Qxb4
15. Qxb4 axb4 16. Nb1 Na6 17. Nbd2 Rac8 18. Nb3 Kf8 19. Kf1 Ke7 20. Ke1 Be4 21.
Ke2 Bxf3+ 22. Kxf3 Kd6 23. Rc2 Rd7 24. Rac1 b6 25. e4 dxe4+ 26. Kxe4 Re7+ 27.
Kd3 Rec7 28. a5 bxa5 29. Nxa5 c5 30. Nc4+ Ke6 31. d5+ Kf6 32. b3 Rd8 33. Ne3
Rcd7 34. Kc4 Re8 35. Re2 Re4+ 36. Kb5 Nc7+ 37. Kc6 Rde7 38. d6 R4e6 39. Ng4+
Kf5 40. Rxe6 1-0

[Event "33. Copenhagen Open (Politiken Cup)"]
[Site "Elsinore"]
[Date "2011.08.06"]
[Round "9"]
[White "Rasmussen, Lars"]
[Black "Rauramaa, Kari"]
[Result "0-1"]
[WhiteElo "1981"]
[BlackElo "2217"]
[PlyCount "52"]
[EventDate "2011.07.30"]
[EventType "swiss"]
[EventRounds "10"]
[EventCountry "DEN"]
[Source "ChessBase"]
[SourceDate "2011.08.29"]

1. e4 c5 2. Nf3 d6 3. d4 cxd4 4. Nxd4 Nf6 5. Nc3 g6 6. Be2 Bg7 7. O-O O-O 8.
Nb3 Nc6 9. Be3 a6 10. a4 Na5 11. Nxa5 Qxa5 12. Qd2 Re8 13. f3 Be6 14. Bd4 Rac8
15. Rfd1 Bc4 16. Bxc4 Rxc4 17. Kh1 Nxe4 18. Nxe4 Qxd2 19. Rxd2 Rxd4 20. Re2 Rc8
21. c3 Rdc4 22. Nd2 R4c7 23. Rae1 e6 24. f4 d5 25. Nf3 Rc4 26. a5 Rxf4 0-1

[Event "33. Copenhagen Open (Politiken Cup)"]
[Site "Elsinore"]
[Date "2011.08.06"]
[Round "9"]
[White "Rasmussen, Morten(1956)"]
[Black "Amarapala, Sherington"]
[Result "1-0"]
[WhiteElo "1889"]
[BlackElo "1709"]
[PlyCount "101"]
[EventDate "2011.07.30"]
[EventType "swiss"]
[EventRounds "10"]
[EventCountry "DEN"]
[Source "ChessBase"]
[SourceDate "2011.08.29"]

1. d4 d5 2. c4 e6 3. Nf3 c5 4. cxd5 exd5 5. Nc3 Nc6 6. g3 Nf6 7. Bg2 h6 8. O-O
Be6 9. h3 Bd6 10. Be3 c4 11. b3 Bb4 12. Qc2 Qd7 13. Kh2 O-O 14. Rfd1 cxb3 15.
Qxb3 Ne4 16. Nxe4 dxe4 17. d5 exf3 18. dxe6 Qxe6 19. Qxe6 fxe6 20. Bxf3 Rf7 21.
Rab1 Ba5 22. Kg2 a6 23. Rxb7 Rxb7 24. Bxc6 Rbb8 25. Bxa8 Rxa8 26. Rd7 e5 27.
Kf3 Bc3 28. Ra7 Rxa7 29. Bxa7 Kf7 30. Ke4 Ke6 31. g4 g6 32. f3 h5 33. Bb8 Bb2
34. Bc7 Bc3 35. Bb6 Bb2 36. Ba5 Ba1 37. Kd3 Kd5 38. gxh5 gxh5 39. Bc3 Bxc3 40.
Kxc3 a5 41. e3 h4 42. Kd3 a4 43. f4 exf4 44. exf4 a3 45. Ke3 Kc4 46. f5 Kc3 47.
f6 Kb2 48. f7 Kxa2 49. f8=Q Kb2 50. Qb4+ Ka2 51. Kd2 1-0

[Event "33. Copenhagen Open (Politiken Cup)"]
[Site "Elsinore"]
[Date "2011.08.06"]
[Round "9"]
[White "Rasmussen, Ole H"]
[Black "Merkesvik, Frode"]
[Result "1/2-1/2"]
[WhiteElo "1769"]
[BlackElo "1112"]
[PlyCount "98"]
[EventDate "2011.07.30"]
[EventType "swiss"]
[EventRounds "10"]
[EventCountry "DEN"]
[Source "ChessBase"]
[SourceDate "2011.08.29"]

1. e4 e5 2. Nf3 Nc6 3. Bb5 d6 4. O-O Bg4 5. d3 a6 6. Ba4 b5 7. Bb3 Nd4 8. Nbd2
Be7 9. h3 Nxb3 10. axb3 Bh5 11. b4 d5 12. c3 dxe4 13. dxe4 Nf6 14. Qc2 Bxf3 15.
Nxf3 Bd6 16. Rd1 O-O 17. Nxe5 Qe7 18. Nf3 Qxe4 19. Qxe4 Nxe4 20. Re1 Rfe8 21.
Be3 Kf8 22. Nd4 c5 23. Nf5 cxb4 24. Nxd6 Nxd6 25. Bc5 Rxe1+ 26. Rxe1 bxc3 27.
Bxd6+ Kg8 28. bxc3 f6 29. Ra1 Kf7 30. Bb4 Ke6 31. f4 Kf5 32. g3 h5 33. h4 Kg4
34. Kg2 Rd8 35. Ra2 Rd3 36. Rf2 Rxg3+ 37. Kf1 Rf3 38. Rxf3 Kxf3 39. Bd6 Kg4 40.
Kg2 Kxh4 41. Kf3 f5 42. Be7+ Kh3 43. Bb4 g6 44. Bc5 Kh2 45. Bb6 Kh3 46. Bc7 Kh2
47. Bb6 Kh3 48. Bg1 a5 49. Bc5 a4 1/2-1/2

[Event "33. Copenhagen Open (Politiken Cup)"]
[Site "Elsinore"]
[Date "2011.08.06"]
[Round "9"]
[White "Rewitz, Poul"]
[Black "Skou, Niels"]
[Result "1-0"]
[WhiteElo "2309"]
[BlackElo "2093"]
[PlyCount "85"]
[EventDate "2011.07.30"]
[EventType "swiss"]
[EventRounds "10"]
[EventCountry "DEN"]
[Source "ChessBase"]
[SourceDate "2011.08.29"]

1. e4 c5 2. b4 cxb4 3. a3 bxa3 4. Nxa3 d6 5. d4 Nf6 6. Bd3 Nc6 7. c3 g6 8. f4
Bg7 9. e5 Nd5 10. Bd2 O-O 11. h4 Qd7 12. h5 Qg4 13. Qxg4 Bxg4 14. h6 Bh8 15.
Nh3 dxe5 16. fxe5 f6 17. Bc4 Be6 18. O-O Rac8 19. Rae1 Nd8 20. exf6 exf6 21.
Rxe6 Rxc4 22. Rd6 Ra4 23. Nb5 Nb6 24. Bc1 Nc8 25. Rd7 Re8 26. Nc7 Rf8 27. Nd5
Ra1 28. Nhf4 Nf7 29. Ne6 Re8 30. Rc7 Nfd6 31. Bf4 Rxf1+ 32. Kxf1 Rxe6 33. Bxd6
Nxd6 34. c4 Kf8 35. c5 Nf7 36. Rxb7 f5 37. Nc7 Rc6 38. d5 Rxc7 39. Rxc7 Bd4 40.
d6 Nxh6 41. Rc8+ Kg7 42. c6 Nf7 43. Rc7 1-0